Aprender a enseñar: plan de mejoramiento institucional CD-PUCV 1203. Cuenta pública 2013-2016
Guardat en:
| Format: | Llibre |
|---|---|
| Idioma: | espanyol |
| Publicat: |
Valparaíso
Pontificia Universidad Católica de Valparaíso
2016
|
| Edició: | 1a. ed |
| Matèries: | |
| Etiquetes: |
Afegir etiqueta
Sense etiquetes, Sigues el primer a etiquetar aquest registre!
|
MARC
| LEADER | 00000cam a2200000 a 4500 | ||
|---|---|---|---|
| 001 | UCD7696 | ||
| 003 | CL-VaPUC | ||
| 008 | 170407e20160000cl |||||||||||||||||spa|d | ||
| 082 | 0 | 4 | |a 378.12 |b APR |2 21 |
| 245 | 1 | 0 | |a Aprender a enseñar: plan de mejoramiento institucional CD-PUCV 1203. Cuenta pública 2013-2016 |
| 250 | |a 1a. ed | ||
| 300 | |a 91 p | ||
| 942 | |c BK | ||
| 945 | |d 20170407 16:56:00 |a dcastane | ||
| 260 | |a Valparaíso |b Pontificia Universidad Católica de Valparaíso |c 2016 | ||
| 650 | 0 | |a Pedagogía |9 255351 | |
| 650 | 0 | |a Educación superior |9 223851 | |
| 650 | 0 | |a Universidades |9 256317 | |
| 583 | |a last modification |c 20170407 16:56:00 |k Rodrigo Vera | ||
| 999 | |c 367656 |d 367654 | ||
| 952 | |0 0 |1 0 |3 erb |4 0 |6 378_120000000000000_APR_2016 |7 0 |8 A |9 482669 |a BIBENE |b BIBENE |i 5384664 |o 378.12 APR 2016 |p 5384664 |r 2025-01-15 |w 2019-11-24 |y BK |z Catalogado en:20170407 |k ICO | ||
| 952 | |0 0 |1 0 |3 erb |4 0 |6 378_120000000000000_APR_2016 |7 0 |8 A |9 482672 |a BIBGIM |b BIBGIM |i 538463K |o 378.12 APR 2016 |p 538463K |r 2025-01-15 |w 2019-11-24 |y BK |z Catalogado en:20170407 |k SSL | ||
| 952 | |0 0 |1 0 |3 erb |4 0 |6 378_120000000000000_APR_2016 |7 0 |8 A |9 482673 |a BIBEDU |b BIBEDU |i 5384621 |o 378.12 APR 2016 |p 5384621 |r 2019-11-24 |w 2019-11-24 |y BK |z Catalogado en:20170407 |k EPE | ||
| 952 | |0 0 |1 0 |3 erb |4 0 |6 378_120000000000000_APR_2016 |7 0 |8 A |9 482674 |a BIBEDU |b BIBEDU |i 5384613 |o 378.12 APR 2016 |p 5384613 |r 2019-11-24 |w 2019-11-24 |y BK |z Catalogado en:20170407 |k EPE | ||